Building evaluation capacity: activities for teaching and training

Kaydedildi:
Detaylı Bibliyografya
Yazar: PRESKILL, Hallie
Materyal Türü: Kitap
Dil:İngilizce
Baskı/Yayın Bilgisi: Sage Publications, 2016.
Etiketler: Etiketle
Etiket eklenmemiş, İlk siz ekleyin!

MARC

LEADER 00000nam a22000007a 4500
008 210126b ||||| |||| 00| 0 eng d
020 |a 978-1-4833-3432-5 
100 |a PRESKILL, Hallie 
245 |a Building evaluation capacity:   |b activities for teaching and training  |c Hallie Preskill, Darlene Russ-Eft  |g xxix, 418p. 
250 |b 2nd ed.  
260 |b Sage Publications,   |c 2016.  |h Los Angeles: Sage Publications, 2016.  |i 693387   |i 693388   |l AZ191 .P91  |m Evaluation.   |m Evaluation – Methodology.  |m Performance standards. 
500 |a “It includes references and index”. 
942 |a lcc  |c BK  |e Adeniran, F. A  |f 26/01/2021 
952 |0 0  |1 0  |2 lcc  |4 0  |6 AZ0191 P91  |7 0  |9 1875  |a HOL  |b EDM  |c AF  |d 2021-01-26  |l 0  |o AZ191 .P91  |p 2021-5742  |r 2021-01-26 00:00:00  |w 2021-01-26  |y BK 
952 |0 0  |1 0  |2 lcc  |4 0  |6 AZ0191 P91  |7 0  |9 1876  |a HOL  |b HOL  |c AF  |d 2021-01-26  |l 0  |o AZ191 .P91  |p 2021-5743  |r 2021-01-26 00:00:00  |w 2021-01-26  |y BK 
999 |c 980  |d 980